[Event "Montcalm II 2003-04"]
[Site "Quebec CAN"]
[Date "2003.10.16"]
[Round "1"]
[White "Bisson, Real"]
[Black "Bourassa, Andre"]
[Result "1/2-1/2"]
[WhiteElo "1659"]
[BlackElo "1756"]
[PlyCount "109"]
[EventDate "2003.10.16"]
[EventType "tourn"]
[EventRounds "5"]
[EventCountry "CAN"]

1. e4 c5 2. Nf3 d6 3. d4 cxd4 4. Nxd4 Nf6 5. Nc3 a6 6. Bg5 e6 7. f4 Be7 8. Qf3
Nc6 9. O-O-O h6 10. Nxc6 bxc6 11. Bh4 Qc7 12. Bd3 Rb8 13. e5 Nd5 14. Nxd5 cxd5
15. Bxe7 Qxe7 16. exd6 Qxd6 17. Rhe1 Qb4 18. b3 O-O 19. Kb2 d4 20. Qe4 g6 21.
a3 Qc3+ 22. Ka2 Bb7 23. Qe2 Bd5 24. Bc4 Bxc4 25. Qxc4 Rfc8 26. Qxc3 dxc3 27.
Rd3 Rb5 28. Ree3 Rbc5 29. b4 Rc4 30. g3 a5 31. bxa5 R4c5 32. a6 R5c6 33. a7 Ra8
34. Rxc3 Rxc3 35. Rxc3 Rxa7 36. Rd3 Kf8 37. c4 Ke7 38. c5 Rc7 39. Rc3 e5 40.
fxe5 Ke6 41. Kb3 Kd5 42. Kb4 Rb7+ 43. Ka5 Kc6 44. a4 Re7 45. Kb4 Rxe5 46. a5
Re4+ 47. Rc4 Re2 48. h4 Rb2+ 49. Ka3 Rb5 50. Ka4 Rxc5 51. Rxc5+ Kxc5 52. a6 Kb6
53. Kb4 f5 54. Kc4 g5 55. hxg5 1/2-1/2

[Event "Montcalm II 2003-04"]
[Site "Quebec CAN"]
[Date "2003.10.16"]
[Round "1"]
[White "Tremblay, Rejean"]
[Black "Drolet, Stephane"]
[Result "1/2-1/2"]
[WhiteElo "2218"]
[BlackElo "2137"]
[PlyCount "30"]
[EventDate "2003.10.16"]
[EventType "tourn"]
[EventRounds "5"]
[EventCountry "CAN"]

1. d4 d5 2. c4 c6 3. Nf3 Nf6 4. Nc3 a6 5. a4 e6 6. e3 c5 7. Bd3 Nc6 8. O-O Be7
9. b3 O-O 10. Bb2 cxd4 11. exd4 b6 12. Rc1 Bb7 13. cxd5 Nxd5 14. Nxd5 Qxd5 15.
Re1 Bf6 1/2-1/2

[Event "Montcalm II 2003-04"]
[Site "Quebec CAN"]
[Date "2003.10.23"]
[Round "2"]
[White "Auger, Bertrand"]
[Black "Laflamme, Simon"]
[Result "1-0"]
[WhiteElo "2060"]
[BlackElo "1870"]
[PlyCount "97"]
[EventDate "2003.10.16"]
[EventType "tourn"]
[EventRounds "5"]
[EventCountry "CAN"]

1. Nf3 Nf6 2. g3 g6 3. b4 Bg7 4. Bb2 O-O 5. Bg2 d6 6. O-O e5 7. d3 c6 8. c4 Qb6
9. a3 a5 10. c5 dxc5 11. Nxe5 axb4 12. Nd2 Qc7 13. axb4 Rxa1 14. Qxa1 Nd5 15.
bxc5 Re8 16. Ndc4 Nd7 17. Nxd7 Bxb2 18. Qxb2 Bxd7 19. Nd6 Rb8 20. Qe5 Re8 21.
Qb2 Rb8 22. e4 Ne7 23. Qf6 Be6 24. Bh3 Bxh3 25. Qxf7+ Kh8 26. Qf6+ Kg8 27. Qf7+
Kh8 28. Ne8 Rxe8 29. Qxe8+ Kg7 30. Ra1 Qe5 31. Ra8 Kh6 32. Qf8+ Kh5 33. Qh8
Qxh8 34. Rxh8 Kh6 35. Rb8 Kg5 36. Rxb7 Kf6 37. f3 h5 38. Kf2 Bc8 39. Ra7 Ke6
40. h4 Bd7 41. Ke3 Ng8 42. d4 Nf6 43. Kd3 Be8 44. Kc4 Bf7 45. d5+ cxd5+ 46.
exd5+ Nxd5 47. Rxf7 Ne3+ 48. Kd3 Kxf7 49. Kxe3 1-0

[Event "Montcalm II 2003-04"]
[Site "Quebec CAN"]
[Date "2003.10.23"]
[Round "2"]
[White "Dion, Jean-Francois"]
[Black "Berube, Antoine"]
[Result "1-0"]
[WhiteElo "1807"]
[BlackElo "1853"]
[PlyCount "67"]
[EventDate "2003.10.16"]
[EventType "tourn"]
[EventRounds "5"]
[EventCountry "CAN"]

1. d4 d5 2. Nf3 Nf6 3. Bf4 e6 4. e3 c5 5. c3 Nc6 6. Bd3 Bd6 7. Bxd6 Qxd6 8.
Nbd2 O-O 9. O-O e5 10. dxc5 Qxc5 11. Nb3 Qe7 12. Be2 Rd8 13. Nfd2 a5 14. a4 Bf5
15. Nb1 Rac8 16. Na3 d4 17. exd4 exd4 18. Nxd4 Nxd4 19. cxd4 Qb4 20. Qe1 Re8
21. Qd1 Qxb2 22. Bb5 Red8 23. Nc4 Qxd4 24. Qxd4 Rxd4 25. Rfd1 Rcd8 26. Rxd4
Rxd4 27. Nxa5 Be4 28. Rc1 g6 29. f3 Bd5 30. h3 Nh5 31. Nc4 Bxc4 32. Bxc4 Nf4
33. Kf2 Nd3+ 34. Ke3 1-0

[Event "Montcalm II 2003-04"]
[Site "Quebec CAN"]
[Date "2003.10.23"]
[Round "2"]
[White "Drolet, Stephane"]
[Black "Audet-Bouchard, Nicolas"]
[Result "0-1"]
[WhiteElo "2137"]
[BlackElo "2198"]
[PlyCount "90"]
[EventDate "2003.10.16"]
[EventType "tourn"]
[EventRounds "5"]
[EventCountry "CAN"]

1. d4 Nf6 2. e3 d6 3. c4 Nbd7 4. Nf3 e5 5. Be2 Be7 6. Nc3 O-O 7. Qc2 c6 8. O-O
Re8 9. Rd1 Bf8 10. b3 g6 11. Ba3 Qc7 12. Rac1 a6 13. Qb1 Qa5 14. Qb2 e4 15. Nd2
b5 16. b4 Qb6 17. Nb3 bxc4 18. Na4 Qb5 19. Nc3 Qb8 20. Na5 d5 21. Nxc6 Qc7 22.
Na5 Bd6 23. h3 Nb6 24. Qc2 Bd7 25. Rb1 Qc8 26. Bf1 Bb8 27. Qd2 Qc7 28. g3 h5
29. h4 Ng4 30. Ne2 f6 31. Rdc1 g5 32. Nb3 gxh4 33. Nf4 hxg3 34. fxg3 h4 35. Bh3
hxg3 36. Bxg4 Bxg4 37. Qg2 Qg7 38. Nd2 Bxf4 39. exf4 Kf7 40. Nf1 Rh8 41. Rc3
Bf3 42. Rxf3 exf3 43. Qxf3 Rh3 44. b5 Rah8 45. Bc5 Qh7 0-1

[Event "Montcalm II 2003-04"]
[Site "Quebec CAN"]
[Date "2003.10.23"]
[Round "2"]
[White "Plante, Hendrick"]
[Black "Bourassa, Andre"]
[Result "1-0"]
[WhiteElo "1810"]
[BlackElo "1756"]
[PlyCount "58"]
[EventDate "2003.10.16"]
[EventType "tourn"]
[EventRounds "5"]
[EventCountry "CAN"]

1. d4 d5 2. c4 e6 3. Nc3 Nf6 4. Bg5 Be7 5. e3 O-O 6. Nf3 b6 7. cxd5 Nxd5 8.
Bxe7 Qxe7 9. Nxd5 exd5 10. Qd2 Nc6 11. Bb5 Na5 12. Rc1 a6 13. Bd3 f5 14. Qc3 f4
15. Qxc7 Qb4+ 16. Qc3 Qxc3+ 17. Rxc3 fxe3 18. fxe3 b5 19. b3 Ra7 20. Ne5 Re7
21. Ke2 Rxe5 22. dxe5 Bg4+ 23. Ke1 Re8 24. h3 Bh5 25. g4 Bf7 26. Rf1 Re7 27.
Bf5 Rxe5 28. Rc8+ Re8 29. Rxe8+ Bxe8 1-0

[Event "Montcalm II 2003-04"]
[Site "Quebec CAN"]
[Date "2003.10.23"]
[Round "2"]
[White "Tremblay, Rejean"]
[Black "Sauve, Richard"]
[Result "0-1"]
[WhiteElo "2218"]
[BlackElo "1942"]
[PlyCount "122"]
[EventDate "2003.10.16"]
[EventType "tourn"]
[EventRounds "5"]
[EventCountry "CAN"]

1. e4 e6 2. d4 d5 3. Nd2 Nf6 4. e5 Nfd7 5. Bd3 c5 6. c3 Nc6 7. Ne2 cxd4 8. cxd4
f6 9. exf6 Nxf6 10. Nf3 Bd6 11. O-O O-O 12. Bf4 Bxf4 13. Nxf4 Ne4 14. Ne2 Rxf3
15. gxf3 Ng5 16. f4 Nf3+ 17. Kg2 Nh4+ 18. Kh1 e5 19. f3 exf4 20. Rf2 Qf6 21.
Qd2 g5 22. Rg1 Kh8 23. Bc2 Bf5 24. Bxf5 Nxf5 25. Rfg2 h6 26. Nxf4 gxf4 27. Qxf4
Nce7 28. Re1 Rf8 29. Rg4 Kh7 30. Qc7 Rg8 31. Rxg8 Kxg8 32. Qxb7 Qh4 33. Rg1+
Kf7 34. Qxa7 Qf2 35. Qa3 Ne3 36. Rg7+ Kxg7 37. Qxe7+ Kg6 38. Qe6+ Kg5 39. Qe7+
Kf4 40. Qe5+ Kxf3 41. Qf6+ Ke2 42. Qxf2+ Kxf2 43. a4 Nc2 44. a5 Nb4 45. h4 Kg3
46. h5 Kg4 47. Kg2 Kxh5 48. Kf3 Kg5 49. Ke3 h5 50. b3 h4 51. Kf3 Kf5 52. Ke3
Kg4 53. Kf2 Kf4 54. Kg2 Ke4 55. Kh3 Kxd4 56. Kxh4 Kc3 57. Kg3 Kxb3 58. Kf4 Kc3
59. Ke3 d4+ 60. Ke2 Kc2 61. Ke1 d3 0-1

[Event "Montcalm II 2003-04"]
[Site "Quebec CAN"]
[Date "2003.10.30"]
[Round "3"]
[White "Audet-Bouchard, Nicolas"]
[Black "Auger, Bertrand"]
[Result "0-1"]
[WhiteElo "2198"]
[BlackElo "2060"]
[PlyCount "90"]
[EventDate "2003.10.16"]
[EventType "tourn"]
[EventRounds "5"]
[EventCountry "CAN"]

1. e4 e6 2. d4 d5 3. Nc3 dxe4 4. Nxe4 Bd7 5. Nf3 Bc6 6. Bd3 Nd7 7. O-O Ngf6 8.
Neg5 Bd6 9. Re1 h6 10. Nh3 Bxf3 11. Qxf3 c6 12. Nf4 Qa5 13. c3 O-O 14. Bd2 Rfe8
15. Qh3 Qg5 16. Nxe6 Qxd2 17. Re2 Qxe2 18. Bxe2 Rxe6 19. Bd3 Rae8 20. Kf1 Nf8
21. Bc4 R6e7 22. g3 N8h7 23. Qf5 Kf8 24. b4 g6 25. Qc2 b5 26. Bd3 Kg7 27. a4 a6
28. axb5 axb5 29. Ra6 Re1+ 30. Kg2 Rc8 31. Qd2 Re6 32. Qa2 Nd5 33. Qb3 Nhf6 34.
h3 h5 35. Qb2 h4 36. Bf1 hxg3 37. fxg3 Ne3+ 38. Kg1 Bxg3 39. c4 Nxf1 40. Kxf1
Rce8 41. Qa3 Nh5 42. h4 Re1+ 43. Kg2 R8e2+ 44. Kh3 Rh2+ 45. Kg4 f5+ 0-1

[Event "Montcalm II 2003-04"]
[Site "Quebec CAN"]
[Date "2003.10.30"]
[Round "3"]
[White "Bourassa, Andre"]
[Black "Lachance, Norbert"]
[Result "1-0"]
[WhiteElo "1756"]
[BlackElo "1721"]
[PlyCount "63"]
[EventDate "2003.10.16"]
[EventType "tourn"]
[EventRounds "5"]
[EventCountry "CAN"]

1. d4 d5 2. c4 c6 3. Nc3 Nf6 4. Nf3 g6 5. Bg5 Bg7 6. e3 Nbd7 7. Bd3 O-O 8. cxd5
cxd5 9. Qb3 Nb6 10. Rc1 Be6 11. O-O a6 12. Rc2 Ne4 13. Bxe7 Qxe7 14. Qxb6 f5
15. Rfc1 Rad8 16. Na4 Rf7 17. Rc7 Rd7 18. Rc8+ Rf8 19. Rxf8+ Bxf8 20. Bxe4 dxe4
21. Ne5 Rd6 22. Qc7 Qxc7 23. Rxc7 b5 24. Nc5 Bxa2 25. Ra7 Rd8 26. Rxa6 Bc4 27.
Ncd7 Bg7 28. g3 Be2 29. Ra1 Rc8 30. Nb6 Re8 31. Ned7 h6 32. Rc1 1-0

[Event "Montcalm II 2003-04"]
[Site "Quebec CAN"]
[Date "2003.10.30"]
[Round "3"]
[White "Laflamme, Simon"]
[Black "Tremblay, Rejean"]
[Result "0-1"]
[WhiteElo "1870"]
[BlackElo "2218"]
[PlyCount "64"]
[EventDate "2003.10.16"]
[EventType "tourn"]
[EventRounds "5"]
[EventCountry "CAN"]

1. e4 c5 2. d4 cxd4 3. c3 dxc3 4. Nxc3 a6 5. Bc4 e6 6. Nf3 b5 7. Bb3 d6 8. O-O
Nf6 9. Qe2 Be7 10. Rd1 Qc7 11. Bf4 Nh5 12. Be3 Nd7 13. Rac1 Nc5 14. Bc2 Bb7 15.
b4 Nd7 16. Bb3 Qd8 17. a4 Nhf6 18. axb5 O-O 19. bxa6 Bxa6 20. b5 Bb7 21. Bf4
Rc8 22. Rc2 Nc5 23. e5 Nh5 24. Bxe6 Nxe6 25. Be3 dxe5 26. Rdc1 Ba3 27. Rd1 Nhf4
28. Bxf4 Nxf4 29. Qe3 Bb4 30. Nxe5 Bxc3 31. Rxc3 Rxc3 32. Qxc3 Ne2+ 0-1

[Event "Montcalm II 2003-04"]
[Site "Quebec CAN"]
[Date "2003.10.30"]
[Round "3"]
[White "Sauve, Richard"]
[Black "Drolet, Stephane"]
[Result "1/2-1/2"]
[WhiteElo "1942"]
[BlackElo "2137"]
[PlyCount "140"]
[EventDate "2003.10.16"]
[EventType "tourn"]
[EventRounds "5"]
[EventCountry "CAN"]

1. d4 e6 2. c4 Bb4+ 3. Nc3 f5 4. Qc2 Nf6 5. a3 Bxc3+ 6. Qxc3 O-O 7. e3 Ne4 8.
Qc2 b6 9. Bd3 Bb7 10. Ne2 Qh4 11. O-O Rf6 12. g3 Ng5 13. f3 Qh5 14. d5 Nxf3+
15. Kg2 exd5 16. Rxf3 dxc4 17. Qxc4+ Kh8 18. e4 Nc6 19. Bf4 Na5 20. Qc2 Rc6 21.
Qa4 Re6 22. Nc3 fxe4 23. Bxe4 d5 24. Nxd5 Bxd5 25. Re1 Qe8 26. Qxe8+ Raxe8 27.
Bxd5 Rxe1 28. Bxc7 R1e2+ 29. Rf2 Rxf2+ 30. Kxf2 Rc8 31. Bf4 Rc2+ 32. Ke3 Rxb2
33. h4 Rc2 34. Kd3 Rc8 35. h5 Nc6 36. h6 Ne7 37. Ba2 Ng6 38. Be3 Rd8+ 39. Bd4
Ne5+ 40. Ke4 Rxd4+ 41. Kxd4 Nd7 42. hxg7+ Kxg7 43. a4 Kf6 44. Kd5 Ke7 45. Kc6
a5 46. Bb1 h6 47. Bf5 Nc5 48. Kxb6 Nxa4+ 49. Kxa5 Nc3 50. Kb4 Ne2 51. g4 Kf6
52. Kc4 Kg5 53. Kd5 Kf4 54. Bc8 Nc3+ 55. Kd4 Ne4 56. Kd3 Nf2+ 57. Ke2 Kg3 58.
Kf1 Nh3 59. Bd7 Kh2 60. Bc8 Kg3 61. Bd7 Nf2 62. Bc8 Nxg4 63. Bxg4 Kxg4 64. Kg2
h5 65. Kh2 h4 66. Kg2 h3+ 67. Kh2 Kh4 68. Kh1 Kg3 69. Kg1 h2+ 70. Kh1 Kh3
1/2-1/2

[Event "Montcalm II 2003-04"]
[Site "Quebec CAN"]
[Date "2003.11.06"]
[Round "4"]
[White "Caron, Sebastien"]
[Black "Bourassa, Andre"]
[Result "1-0"]
[WhiteElo "1730"]
[BlackElo "1756"]
[PlyCount "83"]
[EventDate "2003.10.16"]
[EventType "tourn"]
[EventRounds "5"]
[EventCountry "CAN"]

1. e4 c5 2. Nf3 d6 3. d4 cxd4 4. Nxd4 Nf6 5. Nc3 a6 6. Be2 b5 7. Be3 Bb7 8. f3
Nbd7 9. a3 Rc8 10. O-O g6 11. Qd2 Ne5 12. Bh6 Nc4 13. Bxc4 Rxc4 14. Bxf8 Rxf8
15. Qe3 Qb6 16. Nf5 Qxe3+ 17. Nxe3 Rc5 18. Rad1 Kd7 19. Rd3 Rd8 20. b4 Rcc8 21.
e5 Ng8 22. exd6 exd6 23. a4 bxa4 24. Nxa4 Ke8 25. Rfd1 Ke7 26. Nb6 Rc6 27.
Ned5+ Kf8 28. c4 Ne7 29. b5 axb5 30. cxb5 Rc5 31. Nf6 Rxb5 32. Nbd7+ Kg7 33.
Rxd6 Bc6 34. Re1 Rxd7 35. Nxd7 Bxd7 36. Rxe7 Bf5 37. g4 Kf8 38. Rc7 Bb1 39.
Rd8+ Kg7 40. h4 h5 41. g5 Rb4 42. Rcc8 1-0

[Event "Montcalm II 2003-04"]
[Site "Quebec CAN"]
[Date "2003.11.06"]
[Round "4"]
[White "Tremblay, Rejean"]
[Black "Audet-Bouchard, Nicolas"]
[Result "1/2-1/2"]
[WhiteElo "2218"]
[BlackElo "2198"]
[PlyCount "65"]
[EventDate "2003.10.16"]
[EventType "tourn"]
[EventRounds "5"]
[EventCountry "CAN"]

1. d4 d5 2. c4 Nc6 3. cxd5 Qxd5 4. Nf3 e5 5. Nc3 Bb4 6. Bd2 Bxc3 7. Bxc3 e4 8.
Ng1 Bg4 9. h3 Bh5 10. Qd2 O-O-O 11. e3 f5 12. Ne2 g5 13. h4 h6 14. b3 Nge7 15.
Ng3 Bg4 16. Bc4 Qd6 17. hxg5 hxg5 18. Rxh8 Rxh8 19. d5 Ne5 20. Qd4 N7g6 21.
Qxa7 Rh2 22. Qa8+ Kd7 23. Bb5+ Ke7 24. Qe8+ Kf6 25. Be2 Bxe2 26. Kxe2 g4 27.
Kf1 Qxd5 28. Rc1 Rh7 29. Bd4 c6 30. Qc8 Qd7 31. Qb8 Qc7 32. Qe8 Qe7 33. Qc8
1/2-1/2

[Event "Montcalm II 2003-04"]
[Site "Quebec CAN"]
[Date "2003.11.13"]
[Round "5"]
[White "Audet-Bouchard, Nicolas"]
[Black "Sauve, Richard"]
[Result "1-0"]
[WhiteElo "2198"]
[BlackElo "1942"]
[PlyCount "131"]
[EventDate "2003.10.16"]
[EventType "tourn"]
[EventRounds "5"]
[EventCountry "CAN"]

1. e4 e6 2. d4 d5 3. Nc3 dxe4 4. Nxe4 Bd7 5. Nf3 Bc6 6. Bd3 Nd7 7. O-O Ngf6 8.
Ng3 Be7 9. c4 O-O 10. b3 Bxf3 11. Qxf3 c6 12. Bb2 Qa5 13. a3 Rfe8 14. Rfe1 Rad8
15. h4 Nf8 16. Re5 Qc7 17. h5 h6 18. Rae1 N8h7 19. Ne4 Nxe4 20. Qxe4 Nf6 21.
Qf3 Bd6 22. R5e2 Nh7 23. d5 Ng5 24. Qg4 Bh2+ 25. Kh1 Qf4 26. dxe6 fxe6 27. Qxf4
Bxf4 28. Bg6 Re7 29. g3 Bd2 30. Rd1 Ba5 31. Rxd8+ Bxd8 32. Rd2 Bc7 33. Kg2 e5
34. a4 Ne6 35. Ba3 c5 36. Be4 b6 37. Bd5 Kf7 38. Kf3 Kf6 39. Bxe6 Kxe6 40. Bb2
Rf7+ 41. Ke3 Rf5 42. g4 Rf4 43. f3 Rf7 44. Rd5 a5 45. Bc3 Rf4 46. Rd1 Bd6 47.
Ke2 Be7 48. Bd2 Rd4 49. Be3 Rxd1 50. Kxd1 Bh4 51. Ke2 Bg3 52. Kd3 Bh4 53. Ke4
Bf6 54. Bf2 Be7 55. Bg3 Bd6 56. Bh4 Bc7 57. g5 hxg5 58. Bxg5 Kd7 59. Kf5 Kd6
60. Kg6 Ke6 61. Kxg7 Kf5 62. Bd2 e4 63. fxe4+ Kxe4 64. h6 Be5+ 65. Kf7 Kf5 66.
h7 1-0

[Event "Montcalm II 2003-04"]
[Site "Quebec CAN"]
[Date "2003.11.13"]
[Round "5"]
[White "Auger, Bertrand"]
[Black "Tremblay, Rejean"]
[Result "0-1"]
[WhiteElo "2060"]
[BlackElo "2218"]
[PlyCount "108"]
[EventDate "2003.10.16"]
[EventType "tourn"]
[EventRounds "5"]
[EventCountry "CAN"]

1. Nf3 g6 2. g3 Bg7 3. c4 e5 4. Nc3 d6 5. Bg2 f5 6. d3 Nf6 7. O-O O-O 8. Rb1 a5
9. a3 h6 10. b4 axb4 11. axb4 Kh7 12. Qc2 Nc6 13. e3 Be6 14. Nd2 Rb8 15. b5 Ne7
16. Nb3 c6 17. Bb2 f4 18. exf4 exf4 19. Nd4 Bd7 20. Rbe1 Nf5 21. Nxf5 Bxf5 22.
Ne4 Qd7 23. Nxf6+ Bxf6 24. Bxf6 Rxf6 25. Qe2 Re6 26. Qf3 cxb5 27. cxb5 fxg3 28.
fxg3 Qxb5 29. g4 Rbe8 30. Rxe6 Bxe6 31. Qxb7+ Qxb7 32. Bxb7 Bxg4 33. Rf7+ Kh8
34. Be4 Re6 35. Kf2 Bd1 36. Rd7 Bb3 37. Rb7 Rf6+ 38. Ke3 Bf7 39. Rd7 g5 40. Ke2
Kg8 41. Rd8+ Kg7 42. Bf3 Bg6 43. d4 h5 44. Ke3 g4 45. Be2 Kh6 46. Rd7 Kg5 47.
Rb7 Kh4 48. Rb2 Kh3 49. Rd2 d5 50. Rb2 Be4 51. Rb8 Bf3 52. Bxf3 Rxf3+ 53. Ke2
Kxh2 54. Rh8 Rf5 0-1

[Event "Montcalm II 2003-04"]
[Site "Quebec CAN"]
[Date "2003.11.13"]
[Round "5"]
[White "Bender, Karl"]
[Black "Perreault, Jacquelin"]
[Result "0-1"]
[WhiteElo "1601"]
[BlackElo "1651"]
[PlyCount "58"]
[EventDate "2003.10.16"]
[EventType "tourn"]
[EventRounds "5"]
[EventCountry "CAN"]

1. d4 Nf6 2. Nf3 e6 3. Nc3 d5 4. e3 b6 5. a3 Bb7 6. b3 Be7 7. Bb2 Nbd7 8. Bd3
O-O 9. O-O Ne4 10. Nd2 Ndf6 11. f3 Nxc3 12. Bxc3 c5 13. Qe1 Rc8 14. Qh4 g6 15.
Qe1 Nh5 16. dxc5 Bxc5 17. Bd4 Qe7 18. Bxc5 Qxc5 19. b4 Qe7 20. Nb3 e5 21. Rc1
Rc7 22. c4 dxc4 23. Rxc4 Rfc8 24. Rxc7 Qxc7 25. Nc1 Qc3 26. Qxc3 Rxc3 27. a4
Bd5 28. a5 bxa5 29. bxa5 f5 0-1

[Event "Montcalm II 2003-04"]
[Site "Quebec CAN"]
[Date "2003.11.13"]
[Round "5"]
[White "Bisson, Real"]
[Black "Plante, Hendrick"]
[Result "0-1"]
[WhiteElo "1659"]
[BlackElo "1810"]
[PlyCount "64"]
[EventDate "2003.10.16"]
[EventType "tourn"]
[EventRounds "5"]
[EventCountry "CAN"]

1. e4 c5 2. Nf3 Nc6 3. d4 cxd4 4. Nxd4 d6 5. Nc3 e5 6. Nb3 Be6 7. Nd5 f5 8. Bd3
Bxd5 9. exd5 Nce7 10. Bb5+ Kf7 11. Bg5 h6 12. Be3 Nf6 13. O-O g5 14. f4 gxf4
15. Bf2 h5 16. Be2 Ng6 17. c4 Ng4 18. Qc2 Qg5 19. Rae1 Rg8 20. h3 Nxf2 21. Rxf2
Nh4 22. Bf1 Rc8 23. Nc1 e4 24. Qe2 Bg7 25. Kh1 Be5 26. g4 hxg4 27. hxg4 Nf3 28.
Rxf3 exf3 29. Qxf3 fxg4 30. Qe4 Rh8+ 31. Kg1 f3 32. Kf2 Rh2+ 0-1

[Event "Montcalm II 2003-04"]
[Site "Quebec CAN"]
[Date "2003.11.13"]
[Round "5"]
[White "Bourassa, Andre"]
[Black "Grant, James"]
[Result "1-0"]
[WhiteElo "1756"]
[BlackElo "1692"]
[PlyCount "87"]
[EventDate "2003.10.16"]
[EventType "tourn"]
[EventRounds "5"]
[EventCountry "CAN"]

1. d4 d5 2. c4 e6 3. Nc3 Be7 4. Nf3 c6 5. Bf4 Nd7 6. e3 dxc4 7. Bxc4 Nb6 8. Bb3
Nf6 9. e4 O-O 10. Qe2 Re8 11. Rd1 Nh5 12. Be3 g6 13. O-O Qc7 14. e5 Nd5 15. Nd2
Nxc3 16. bxc3 b5 17. Ne4 a5 18. g4 Ng7 19. Nf6+ Kh8 20. Nxe8 Nxe8 21. Qf3 Bf8
22. h4 Bg7 23. h5 Qe7 24. hxg6 fxg6 25. g5 Bb7 26. Qh3 Nc7 27. f4 Nd5 28. Bd2
Rf8 29. Bc2 Kg8 30. Bb3 a4 31. Bc2 Nb6 32. Rf2 Rf7 33. Rh2 Bf8 34. Bxg6 Rg7 35.
Be4 Nc4 36. Bc1 Qe8 37. Bxh7+ Kf7 38. Qh5+ Ke7 39. Qxe8+ Kxe8 40. Be4 Na5 41.
Rh7 Rg8 42. Rd2 Bg7 43. Bg6+ Kd8 44. Bf7 1-0

[Event "Montcalm II 2003-04"]
[Site "Quebec CAN"]
[Date "2003.11.13"]
[Round "5"]
[White "Cummins, Paul"]
[Black "Carrier, Claude"]
[Result "0-1"]
[WhiteElo "1633"]
[BlackElo "1589"]
[PlyCount "70"]
[EventDate "2003.10.16"]
[EventType "tourn"]
[EventRounds "5"]
[EventCountry "CAN"]

1. f4 d5 2. b3 Nf6 3. Nf3 Bg4 4. e3 c5 5. d4 Nc6 6. Be2 g6 7. O-O Bg7 8. Bb2
cxd4 9. exd4 O-O 10. Ne5 Bxe2 11. Qxe2 Qb6 12. Nxc6 bxc6 13. Nd2 Rfe8 14. c3 c5
15. Nf3 Ne4 16. Kh1 a5 17. Ne5 cxd4 18. cxd4 f6 19. Nf3 a4 20. f5 gxf5 21. bxa4
Rxa4 22. Bc1 Qa6 23. Qd1 Rxa2 24. Rxa2 Qxa2 25. Be3 f4 26. Bxf4 Nf2+ 27. Rxf2
Qxf2 28. Bg3 Qb2 29. h3 Ra8 30. Kh2 Ra1 31. Qd3 Qb1 32. Qxb1 Rxb1 33. Ne1 e5
34. dxe5 fxe5 35. Nd3 e4 0-1

[Event "Montcalm II 2003-04"]
[Site "Quebec CAN"]
[Date "2003.11.13"]
[Round "5"]
[White "Dion, Jean-Francois"]
[Black "Lessard, Claude"]
[Result "1-0"]
[WhiteElo "1807"]
[BlackElo "1876"]
[PlyCount "83"]
[EventDate "2003.10.16"]
[EventType "tourn"]
[EventRounds "5"]
[EventCountry "CAN"]

1. d4 Nf6 2. Nf3 c5 3. c3 d5 4. Bf4 Nc6 5. e3 cxd4 6. exd4 Qb6 7. Qb3 Qxb3 8.
axb3 h6 9. h3 g5 10. Bh2 Bg7 11. Bd3 g4 12. hxg4 Nxg4 13. Bg3 e5 14. dxe5 Ngxe5
15. Nxe5 Nxe5 16. Bc2 O-O 17. Nd2 Nc6 18. O-O-O d4 19. c4 Nb4 20. Be4 f5 21.
Bf3 f4 22. Bh4 a5 23. Ne4 Bf5 24. Kd2 Ra6 25. Nc5 Rb6 26. Bxb7 a4 27. Be4 Bxe4
28. Nxe4 Nc6 29. Nc5 axb3 30. Nd7 Rb7 31. Nxf8 Kxf8 32. Rhe1 Ne5 33. Rc1 f3 34.
g4 Nxg4 35. Re4 h5 36. Rce1 Rb8 37. Bg3 Ra8 38. Rf4+ Kg8 39. Rxf3 h4 40. Bxh4
Ra2 41. Rxb3 Ra4 42. Re7 1-0

[Event "Montcalm II 2003-04"]
[Site "Quebec CAN"]
[Date "2003.11.13"]
[Round "5"]
[White "Laflamme, Simon"]
[Black "Drolet, Stephane"]
[Result "0-1"]
[WhiteElo "1870"]
[BlackElo "2137"]
[PlyCount "74"]
[EventDate "2003.10.16"]
[EventType "tourn"]
[EventRounds "5"]
[EventCountry "CAN"]

1. d4 g6 2. e4 c6 3. Nc3 Bg7 4. Bc4 b5 5. Bb3 b4 6. Qf3 Nf6 7. Nce2 d5 8. exd5
cxd5 9. Nf4 e6 10. Nd3 Qb6 11. Ne2 Nbd7 12. Bd2 a5 13. a3 bxa3 14. Rxa3 Ra7 15.
O-O Ne4 16. Be3 Ba6 17. c4 O-O 18. c5 Qd8 19. Ba4 Qe7 20. Bf4 f6 21. Nc3 g5 22.
Nxe4 dxe4 23. Bd6 Qxd6 24. Qxe4 Qe7 25. Bb3 Bxd3 26. Qxd3 Kh8 27. Re1 e5 28. d5
Nxc5 29. Qe2 Nxb3 30. Rxb3 Rb7 31. d6 Qd7 32. Rc3 Rfb8 33. Rec1 Bf8 34. Rd3
Rxb2 35. Qd1 R8b6 36. Rc7 Qd8 37. d7 Qxc7 0-1

[Event "Montcalm II 2003-04"]
[Site "Quebec CAN"]
[Date "2003.11.13"]
[Round "5"]
[White "Poliquin, Yvon"]
[Black "Moisan, Francois"]
[Result "1/2-1/2"]
[WhiteElo "1872"]
[BlackElo "1783"]
[PlyCount "66"]
[EventDate "2003.10.16"]
[EventType "tourn"]
[EventRounds "5"]
[EventCountry "CAN"]

1. e4 e5 2. Nf3 Nc6 3. d4 exd4 4. Bc4 Nf6 5. O-O Nxe4 6. Re1 d5 7. Bxd5 Qxd5 8.
Nc3 Qh5 9. Nxe4 Be6 10. Bg5 Bd6 11. Bf6 O-O 12. h3 Rfe8 13. Nxd6 cxd6 14. Bxd4
Nxd4 15. Qxd4 Qc5 16. Qxc5 dxc5 17. Re5 b6 18. Rae1 h6 19. Nh4 Kf8 20. Ng6+
fxg6 21. Rxe6 Rxe6 22. Rxe6 Kf7 23. Rd6 Re8 24. Kf1 Re6 25. Rd7+ Re7 26. Rd6
Re6 27. Rd7+ Re7 28. Rd8 g5 29. f3 Ke6 30. Kf2 Ke5 31. Ke3 Kf6+ 32. Kf2 Ke5 33.
a4 Ke6 1/2-1/2

[Event "Montcalm III 2003-04"]
[Site "Quebec CAN"]
[Date "2003.11.20"]
[Round "1"]
[White "Auger, Bertrand"]
[Black "Oliver, Vance"]
[Result "1-0"]
[WhiteElo "2059"]
[BlackElo "1493"]
[PlyCount "65"]
[EventDate "2003.11.20"]
[EventType "swiss"]
[EventRounds "5"]
[EventCountry "CAN"]

1. Nf3 Nf6 2. g3 g6 3. b4 Bg7 4. Bb2 b6 5. Bg2 Bb7 6. O-O O-O 7. d3 d6 8. Nbd2
e5 9. c4 Nbd7 10. Qc2 a5 11. a3 Ra7 12. Bc3 a4 13. Qb2 Qa8 14. e4 Nh5 15. Rae1
Qd8 16. d4 f6 17. Re2 Rf7 18. Rd1 Nf8 19. Nf1 Bc8 20. dxe5 Ne6 21. exf6 Bh6 22.
Ne5 Nef4 23. gxf4 Nxf4 24. Nxf7 Kxf7 25. e5 Bh3 26. Bd5+ Nxd5 27. e6+ Bxe6 28.
cxd5 Bg4 29. Re7+ Kf8 30. Rde1 Bd7 31. Rxh7 Bg7 32. fxg7+ Kg8 33. Rh8+ 1-0

[Event "Montcalm III 2003-04"]
[Site "Quebec CAN"]
[Date "2003.11.20"]
[Round "1"]
[White "Boutin, Andre"]
[Black "Bourassa, Andre"]
[Result "1-0"]
[WhiteElo "1341"]
[BlackElo "1749"]
[PlyCount "42"]
[EventDate "2003.11.20"]
[EventType "swiss"]
[EventRounds "5"]
[EventCountry "CAN"]

1. e4 c5 2. Nf3 d6 3. d4 cxd4 4. Nxd4 Nf6 5. Bd3 Nc6 6. Be3 Ng4 7. O-O Nxe3 8.
fxe3 Ne5 9. Bb5+ Bd7 10. Bxd7+ Qxd7 11. Na3 g6 12. Nf3 Bg7 13. Nxe5 Bxe5 14.
Nc4 Bg7 15. Qd5 O-O 16. e5 b5 17. Rxf7 Kh8 18. e6 Qe8 19. Na5 Bxb2 20. Raf1
Rxf7 21. exf7 Qf8 1-0

[Event "Montcalm III 2003-04"]
[Site "Quebec CAN"]
[Date "2003.11.20"]
[Round "1"]
[White "Duchesneau, Alain"]
[Black "Sauve, Richard"]
[Result "0-1"]
[WhiteElo "1480"]
[BlackElo "1921"]
[PlyCount "61"]
[EventDate "2003.11.20"]
[EventType "swiss"]
[EventRounds "5"]
[EventCountry "CAN"]

1. e4 e6 2. Nf3 d5 3. exd5 exd5 4. d4 Nf6 5. Bg5 Be7 6. Bd3 O-O 7. Nbd2 c6 8.
O-O Bg4 9. c3 Nbd7 10. Qc2 h6 11. Bf4 Re8 12. Ne5 Nxe5 13. dxe5 Nd7 14. Bg3 Nc5
15. Bh7+ Kh8 16. h3 Be6 17. f4 d4 18. cxd4 Qxd4+ 19. Kh1 Rad8 20. Nf3 Qc4 21.
Rad1 Qxc2 22. Bxc2 Bxa2 23. Rxd8 Rxd8 24. Ra1 Bc4 25. b4 Na6 26. Nh4 Bxb4 27.
f5 Rd2 28. Be4 Nc5 29. Bxc6 bxc6 30. Rxa7 Ne4 31. Be1 0-1